00645 2200241 4500001002100000005001500021035002000036007000300056008004100059082001600100084002200116100001800138245004200156250001200198260005000210300003200260650001700292700001800309700002000327700002200347651001200369990002200381INLIS00000000000018820250623120103 a0010-0625000001ta250623 0 ind  a403.5988173 a403.5988173 MEH k0 aMehuwe, Chris1 aKamus Bahasa Sentani /cMehuwe, Chris apertama aSentani :bSUMMER INSTITUT LINGUISTICS,c1993 a202 hal :billustrasi ;c21 4akamus bahasa0 aMehuwe, Chris0 aHartzler,Dwight0 aHartzler,Margaret 4aSentani a06984/SMAN1S/2025